Ordenanzas de S.M. para el regimen, disciplina, subordinacion, y servicio de sus exercitos : (Record no. 193141)

MARC details
000 -LEADER
campo de control de longitud fija 02060nam a2200469 i 4500
001 - NÚMERO DE CONTROL
campo de control 193141
003 - IDENTIFICADOR DE NÚMERO DE CONTROL
campo de control ES-MaACL
005 - FECHA Y HORA DE LA ÚLTIMA TRANSACCIÓN
campo de control 20240925154736.0
007 - CAMPO FIJO DE DESCRIPCIÓN FÍSICA--INFORMACIÓN GENERAL
campo de control de longitud fija ta
008 - DATOS DE LONGITUD FIJA--INFORMACIÓN GENERAL
campo de control de longitud fija 230824r19991768sp b 000|0 spa d
020 ## - NÚMERO INTERNACIONAL ESTÁNDAR DEL LIBRO
Número Internacional Estándar del Libro 848406039X (o.c.)
020 ## - NÚMERO INTERNACIONAL ESTÁNDAR DEL LIBRO
Número Internacional Estándar del Libro 8484060403 (t.I)
020 ## - NÚMERO INTERNACIONAL ESTÁNDAR DEL LIBRO
Número Internacional Estándar del Libro 8484060411(t.II)
024 ## - IDENTIFICADOR DE OTROS ESTÁNDARES
Número estándar o código 0000875404
035 ## - NÚMERO DE CONTROL DEL SISTEMA
Número de control de sistema Rebiun12039970
040 ## - FUENTE DE CATALOGACIÓN
Centro catalogador/agencia de origen ES-VaUB.
Lengua de catalogación cat.
Centro/agencia transcriptor ES-VaUB
Centro/agencia modificador ES-MaACL
080 ## - NÚMERO DE LA CLASIFICACIÓN DECIMAL UNIVERSAL
Número de la Clasificación Decimal Universal 351.86(460)"17"
245 00 - MENCIÓN DEL TÍTULO
Título Ordenanzas de S.M. para el regimen, disciplina, subordinacion, y servicio de sus exercitos :
Resto del título subdividido en quatro tratados
250 ## - MENCION DE EDICION
Mención de edición Ed. facs
260 ## - PUBLICACIÓN, DISTRIBUCIÓN, ETC.
Lugar de publicación, distribución, etc. Valladolid :
Nombre del editor, distribuidor, etc. Lex Nova,
Fecha de publicación, distribución, etc. 1999
300 ## - DESCRIPCIÓN FÍSICA
Extensión 3 v. :
Otras características físicas map. pleg. ;
Dimensiones 29 cm +
Material acompañante/anejo 1 CD-ROM
336 ## - TIPO DE CONTENIDO
Fuente rdacontent
Término de tipo de contenido Texto
337 ## - TIPO DE MEDIO
Fuente rdamedia
Nombre/término del tipo de medio sin mediación
338 ## - TIPO DE SOPORTE
Fuente rdacarrier
Nombre/término del tipo de soporte volumen
500 ## - NOTA GENERAL
Nota general En funda protectora
500 ## - NOTA GENERAL
Nota general [3] : La profesión militar y las sabias ordenanzas de Carlos III / Antonio Alonso Molinero. Las Reales Ordenanzas y la obediencia debida / Sabino Fernández Campo. Una ordenación jurídica del Ejército Real : Las Ordenanzas Generales de los ejércitos de Carlos III / Emiliano González Díez
534 ## - NOTA SOBRE LA VERSIÓN ORIGINAL
Frase introductoria Reprod. facs. de l'ed. de:
Publicación, distribución, etc. del original Oficina de Antonio Marin, año de 1768
650 07 - PUNTO DE ACCESO ADICIONAL DE MATERIA--TÉRMINO DE MATERIA
Término de materia o nombre geográfico como elemento de entrada Disciplina militar
9 (RLIN) 135934
650 04 - PUNTO DE ACCESO ADICIONAL DE MATERIA--TÉRMINO DE MATERIA
Término de materia o nombre geográfico como elemento de entrada Servicio militar-
9 (RLIN) 17062
Subdivisión cronológica S.XVIII-XIX
Subdivisión geográfica España-
655 #7 - TERMINO DE INDIZACIÓN--GENERO/FORMA
9 (RLIN) 226495
Datos o término principal de género/forma Facsímiles
700 1# - ENTRADA AGREGADA--NOMBRE PERSONAL
Nombre de persona Alonso Molinero, Antonio,
9 (RLIN) 234050
700 1# - ENTRADA AGREGADA--NOMBRE PERSONAL
Nombre de persona Fernández Campo, Sabino,
Fechas asociadas al nombre 1918-2009
9 (RLIN) 234051
700 1# - ENTRADA AGREGADA--NOMBRE PERSONAL
Nombre de persona González Díez, Emiliano
9 (RLIN) 234052
852 ## - LOCALIZACIÓN
Ubicación ES-MaACL
itemnumber 200462
Sublocalización o colección R.133142
Número de control de estantería N-9239
Ubicación en estantería Depósito J
Encuadernación Rústica con solapas
852 ## - LOCALIZACIÓN
Ubicación ES-MaACL
Sublocalización o colección R.133142
itemnumber 199463
Número de control de estantería N-9237
Ubicación en estantería Depósito J
Designación de la unidad física v.1
Encuadernación Cartoné imitación a piel
852 ## - LOCALIZACIÓN
Ubicación ES-MaACL
Sublocalización o colección R.133142
itemnumber 200461
Número de control de estantería N-9238
Ubicación en estantería Depósito J
Designación de la unidad física v.2
Encuadernación Cartoné imitación a piel
942 ## - ELEMENTOS DE ENTRADA SECUNDARIOS (KOHA)
Suprimir en OPAC No
Tipo de ítem Koha Libro impreso
Holdings
Estatus retirado Estado de pérdida Fuente del sistema de clasificación o colocación Estado de daño No para préstamo Biblioteca de origen Biblioteca actual Ubicación en estantería Fecha de adquisición Fuente de adquisición Enumeración/cronología de publicación seriada Total de préstamos Signatura topográfica completa Código de barras Visto por última vez Precio de reemplazo Tipo de ítem Koha
    Clasificación decimal universal     Biblioteca del Ateneo de Madrid Biblioteca del Ateneo de Madrid Depósito J 07/11/2022 Compra v.1   N-9237 1204716 23/02/2023 23/02/2023 Libro impreso
    Clasificación decimal universal     Biblioteca del Ateneo de Madrid Biblioteca del Ateneo de Madrid Depósito J 24/08/2023 Compra v.2   N-9238 101205755 24/08/2023 24/08/2023 Libro impreso
    Clasificación decimal universal     Biblioteca del Ateneo de Madrid Biblioteca del Ateneo de Madrid Depósito J 24/08/2023 Compra     N-9239 101205756 24/08/2023 24/08/2023 Libro impreso
    Clasificación decimal universal     Biblioteca del Ateneo de Madrid Biblioteca del Ateneo de Madrid Despachos-biblioteca 25/09/2024 Donación     Rotativo.DB-34 101228925 25/09/2024 25/09/2024 Archivo de ordenador en CD-ROM, CD o disquete